000 02043nam a2200361 c 4500
003 BLK
005 20230404030250.0
008 180410b bul|||||r ||||||| ||bul||
010 _aKNG00160152000
040 _aBLK
041 _aBUL
_cBUL
080 _aБългарска литература
_b821.163.2
_x(081)
_z821.163.2(081)
080 _aБългарска литература
_b821.163.2
_x-31
_z821.163.2-31
080 _aБългарска литература
_b821.163.2
_x-32
_z821.163.2-32
100 1 _aВасилев, Орлин
_gВасилев, Христо Петков
_9377390
700 1 _aЛикова, Розалия Николова
_eред. кол.
_9380913
700 1 _aЛикова, Розалия Николова
_eпредг. от
_9380913
700 1 _aОрлинов, Орлин
_gВасилев, Орлин Орлинов
_9372003
700 1 _aТабакова, Даря
_eпод ред. на на том
_9377136
139 _aВасилев, Орлин
_bВ 24
245 1 0 _aСъчинения
_bВ 4 т.
_cОрлин Василев; ред. кол. Розалия Николова Ликова; предг. от Розалия Николова Ликова; под ред. на на том Орлин Орлинов; под ред. на на том Даря Табакова.
_nТ. 1
_pРомани
257 _aBGR
260 София
_bБълг. писател
_c1984 -
300 _c21 см
380 _aX
500 _aДруги ред. : О. Орлинов, Д. Табакова.
760 1 _aВасилев, Орлин
_d1984
_h583 с., 5 л. : ил., портр., факс.
_n12 113 тир. - Съдържа : Бялата пътека ; Огненият обръч ; Тор ; Хайдутин майка не храни.
_tТ. 1 Романи
852 _aЦб 129465
856 4 _qpdf
_u
856 4 _qpdf
_u
942 _cKNG
_n0
_01
944 _aCR
_c30.04.2014
_l30.04.2014 - от С1,Р / 30.04.2014
_kИван_Цеков
944 _aED
_c30.04.2014
_l30.04.2014 - от С1,Р / 30.04.2014
_k
999 _c153619
_d153619